ا نيس ا نصا ر ی کی شخصيت ا و ر فنی ز ا و يے (Record no. 166490)

MARC details
000 -LEADER
fixed length control field 00799nam a22001937a 4500
005 - DATE AND TIME OF LATEST TRANSACTION
control field 20190725123815.0
010 ## - LCCN (DPL NO)
LC control number UR-10285
020 ## - INTERNATIONAL STANDARD BOOK NUMBER
Terms of availability 250.00
International Standard Book Number 9789388356930
035 ## - SYSTEM CONTROL NUMBER
System control number U-8840
037 ## - SOURCE OF ACQUISITION
Source of stock number/acquisition DBAD/PUB
082 ## - DEWEY DECIMAL CLASSIFICATION NUMBER
Classification number 840.08
100 ## - MAIN ENTRY--PERSONAL NAME
Personal name مر تبين فر قا ن ا حمد سر د ھنو ی
245 ## - TITLE STATEMENT
Title ا نيس ا نصا ر ی کی شخصيت ا و ر فنی ز ا و يے
Statement of responsibility, etc مر تبين فر قا ن ا حمد سر د ھنو ی
246 ## - VARYING FORM OF TITLE
Remainder of title Anis Ansari ki Shakhsiyat Aur Funni Zaviye (Urdu)
Title proper/short title Comp. by Furqan Ahmed Sardhanvi
260 ## - PUBLICATION, DISTRIBUTION, ETC. (IMPRINT)
Place of publication, distribution, etc Delhi
Name of publisher, distributor, etc Educational Publishing House
Date of publication, distribution, etc 2018 ء
270 ## - ADDRESS
Address 3191،Vakil Street,Kucha Pandit,Lal Kuan,
City Delhi
Postal code 110006
Telephone number 23216162
Fax number 00911123211540
300 ## - PHYSICAL DESCRIPTION
Extent 244 ص
Dimensions 22 Cm(Hb)
942 ## - ADDED ENTRY ELEMENTS (KOHA)
Source of classification or shelving scheme Dewey Decimal Classification
Item type Urdu Bks
Classification part 840.08
Call number suffix ا ن ی
Holdings
Withdrawn status Lost status Not for loan Collection code Home library Current library Date acquired Source of acquisition Cost, normal purchase price Full call number Barcode Copy number Cost, replacement price Koha item type
      Non-fiction Central Library Central Library 25/07/2019 DBAD/PUB 25000.00 840.08 ا ن ی U-8840 1 250.00 Urdu Bks

© Delhi Public Library
Hit Counter
free hit counter